Coranus africana sp. Nov., a new Harpactorin (Reduviidae: Hemiptera) from Egypt (Record no. 59388)
[ view plain ]
| 000 -LEADER | |
|---|---|
| fixed length control field | 01331cab a2200265Ia 45 0 |
| 001 - CONTROL NUMBER | |
| control field | u209920 |
| 003 - CONTROL NUMBER IDENTIFIER | |
| control field | SIRSI |
| 008 - FIXED-LENGTH DATA ELEMENTS--GENERAL INFORMATION | |
| fixed length control field | 120216s2002 ua ss b eng d |
| 040 ## - CATALOGING SOURCE | |
| Original cataloging agency | EAL |
| 041 ## - LANGUAGE CODE | |
| Language code of text/sound track or separate title | eng |
| Language code of summary or abstract | ara |
| 090 ## - LOCALLY ASSIGNED LC-TYPE CALL NUMBER (OCLC); LOCAL CALL NUMBER (RLIN) | |
| Classification number (OCLC) (R) ; Classification number, CALL (RLIN) (NR) | ART EJAR V80 No1 17 |
| 100 1# - MAIN ENTRY--PERSONAL NAME | |
| Personal name | El-Sebaey, I. I. A. |
| 240 10 - UNIFORM TITLE | |
| Uniform title | Egyptian journal of agricultural research, 2002 v 80 (1) |
| Medium | [electronic resource]. |
| 245 10 - TITLE STATEMENT | |
| Title | Coranus africana sp. Nov., a new Harpactorin (Reduviidae: Hemiptera) from Egypt |
| Medium | [electronic resource]. |
| 246 15 - VARYING FORM OF TITLE | |
| Title proper/short title | تسجيل نوع جديد من تحت فصيلة هاربكتورينى (فصيلة ريديوفيدى - رتبة نصفية الأجنحة) من مصر. |
| 300 ## - PHYSICAL DESCRIPTION | |
| Extent | p.211-217. |
| 504 ## - BIBLIOGRAPHY, ETC. NOTE | |
| Bibliography, etc. note | Includes references. |
| 520 ## - SUMMARY, ETC. | |
| Summary, etc. | Coranus africana sp. Nov. is described for the first time from Egypt. It was collected from different localities including Kom Oshim, Sharkia, Wadi El-Natrun, Giza and Sinai. Specimens were secured from some economic plants including tomato, clover, cotton, as well as several wild desert plants. |
| 546 ## - LANGUAGE NOTE | |
| Language note | Summary in Arabic. |
| 596 ## - | |
| -- | 1 |
| 650 #0 - SUBJECT ADDED ENTRY--TOPICAL TERM | |
| Topical term or geographic name entry element | Hemiptera. |
| 650 #0 - SUBJECT ADDED ENTRY--TOPICAL TERM | |
| Topical term or geographic name entry element | Insect pests |
| General subdivision | Control. |
| 773 0# - HOST ITEM ENTRY | |
| Title | Egyptian Journal of Agricultural Research. |
| Related parts | 2002.v.80(1) |
| International Standard Serial Number | 1110-6336 |
| Control subfield | nnas |
| Record control number | u158585 |
| 856 40 - ELECTRONIC LOCATION AND ACCESS | |
| Uniform Resource Identifier | <a href="http://nile.enal.sci.eg/EALE/2002/EJAR/8002/1/211.pdf">http://nile.enal.sci.eg/EALE/2002/EJAR/8002/1/211.pdf</a> |
| Public note | Full Text Article |
| 942 ## - ADDED ENTRY ELEMENTS (KOHA) | |
| Koha item type | Articles |
| Source of classification or shelving scheme | Library of Congress Classification |
No items available.